| 000 | 00575nam a2200181Ia 4500 | ||
|---|---|---|---|
| 003 | GCL | ||
| 008 | 140319s9999 xx 000 0 ara d | ||
| 040 |
_aGCL / _cGCL |
||
| 082 | 0 | 4 |
_a813.03 _bم ش |
| 100 | 1 | _aمحمد فتحى عبدالهادى | |
| 245 | 1 | 0 |
_aالشاطى الاخر : قصة حب طويلة / _cمحمد فتحى عبدالهادى |
| 700 | 1 | _aمصطفى حبيب | |
| 300 | _a244 ص | ||
| 490 |
_aالكتاب الاول _v0 |
||
| 650 | 0 | 4 | _aالقصص العربية |
| 650 | 0 | 4 | _aالادب العربى - العصر الحديث |
| 942 |
_2ddc _cBK |
||
| 999 |
_c39861 _d39861 |
||